000 00959nam a2200277 c 4500
003 BLK
005 20180422115555.0
008 180411b bul|||||r ||||||| ||bul||
010 _aKNG00197097000
040 _aBLK
041 _aBUL
_cBUL
080 _aБългарска литература
_b821.163.2
_x-1
_z821.163.2-1
100 1 _aТонев, Добромир Маринов
_eпърви автор
_9365022
139 _aТонев, Добромир Маринов
_bТ 72
245 1 0 _aНежна машина
_bСтихотворения
_cДобромир Маринов Тонев.
257 _aBGR
260 Пловдив
_bХристо Г. Данов
_c1984
300 _a51 с.
_c21 см
380 _aX
500 _a2 600 тир.
852 _aЦб 130126
856 4 _qpdf
_u
856 4 _qpdf
_u
942 _cKNG
_n0
944 _aCR
_c30.11.2016
_kРадостина_Карадакова
944 _aED
_c30.11.2016
_kРадостина_Карадакова
999 _c188079
_d188079